| 000 | 00507nam a2200145Ia 4500 | ||
|---|---|---|---|
| 008 | 230917s9999||||xx |||||||||||||| ||und|| | ||
| 040 |
_e242617 _aMAIN |
||
| 041 | _aEnglish | ||
| 082 | _a891.43371109 RF298:DH | ||
| 100 | _aदुबे, हरिशंकर | ||
| 245 | 0 | _aफणीश्वरनाथ रेणुः व्यक्तित्व एवं कृतित्व | |
| 260 |
_aकानपुर _bविकास प्रकाशन _c1992 |
||
| 300 | _a328 पृ. p. | ||
| 942 | _cHD | ||
| 999 |
_c83039 _d83039 |
||